logo

Bir Sreshtho Munshi Abdur Rouf Library
Jhenaidah Cadet College

Spy fiction : (Record no. 1837)

MARC details
000 -LEADER
fixed length control field 01065cam a2200313 a 4500
001 - CONTROL NUMBER
JCCL Control Number 1837
003 - CONTROL NUMBER IDENTIFIER
JCCL marc code BD-JhCC
005 - DATE AND TIME OF LATEST TRANSACTION
control field 20220606134024.0
008 - FIXED-LENGTH DATA ELEMENTS--GENERAL INFORMATION
fixed length control field 891024s1990 nyu b 001 0ceng
020 ## - INTERNATIONAL STANDARD BOOK NUMBER
International Standard Book Number 0816020981 (alk. paper) :
Terms of availability $23.95
035 ## - SYSTEM CONTROL NUMBER
system control number (BD-JhCC)1837
040 ## - CATALOGING SOURCE
Original cataloging agency DLC
Transcribing agency DLC
Modifying agency DLC
041 ## - LANGUAGE CODE
Language code of Book eng
050 00 - LIBRARY OF CONGRESS CALL NUMBER
Classification number PN3448.S66
Item number M3 1990
082 00 - DEWEY DECIMAL CLASSIFICATION NUMBER
Classification number 809.3/872
-- B
DDC Edition number 20
Author mark and Year MCC 1990
100 1# - MAIN ENTRY--PERSONAL NAME
Personal name McCormick, Donald,
Dates associated with a name 1911-
245 10 - TITLE STATEMENT
Title Spy fiction :
Remainder of title a connoisseur's guide /
Statement of responsibility, etc Donald McCormick & Katy Fletcher.
260 ## - PUBLICATION, DISTRIBUTION, ETC. (IMPRINT)
Place of publication, distribution, etc New York :
Name of publisher, distributor, etc Facts on File,
Date of publication, distribution, etc c1990.
300 ## - PHYSICAL DESCRIPTION
Pagination 346 p. ;
Dimensions 24 cm.
500 ## - GENERAL NOTE
General note Expanded version of the author's Who's who in spy fiction.
504 ## - BIBLIOGRAPHY, ETC. NOTE
Bibliography, etc Includes bibliographical references (p. 334-337) and index.
650 #0 - SUBJECT ADDED ENTRY--TOPICAL TERM
Topical term or geographic name as entry element Spy stories
General subdivision Bio-bibliography.
650 #0 - SUBJECT ADDED ENTRY--TOPICAL TERM
Topical term or geographic name as entry element Espionage in literature
General subdivision Bibliography.
650 #0 - SUBJECT ADDED ENTRY--TOPICAL TERM
Topical term or geographic name as entry element Spies in literature
General subdivision Bibliography.
700 1# - ADDED ENTRY--PERSONAL NAME
Personal name Fletcher, Katy,
Dates associated with a name 1958-
700 1# - ADDED ENTRY--PERSONAL NAME
Personal name McCormick, Donald,
Dates associated with a name 1911-
Title of a work Who's who in spy fiction.
740 0# -
Uncontrolled related/analytical title Spy fiction.
942 ## - ADDED ENTRY ELEMENTS (KOHA)
Source of classification or shelving scheme Dewey Decimal Classification
Koha item type Books
Koha issues (borrowed), all copies 1
Holdings
Source of classification or shelving scheme Damaged status Not for loan Home library Current library Shelving location Date of accession Source of acquisition Total Checkouts Full call number Barcode Date last seen Date checked out Copy number Koha item type
Dewey Decimal Classification     JCC Rouf Library JCC Rouf Library General Stacks 10/24/2017 C-1 1 809.3/872 MCC 1990 2998 06/13/2022 06/06/2022 C-1 Books

JCC Library | Contacts | JCC Home

Last Update on 23 September 2017
Copyright @ 2017-2020 JCC Rouf Library
Rouf Library, Jhenidah Cadet College (JCC), Bangladesh